|
|
|
|
| LEADER |
00000nab a2200000 a 4500 |
| 001 |
vtls010719349 |
| 003 |
SK-MaSNL |
| 005 |
20260304194503.0 |
| 008 |
250709s1964 xo |||||||||||||||||slo| |
| 035 |
|
|
|a (urnnbn)urn:nbn:sk:snk:ar-a04pwx
|
| 035 |
|
|
|a (uuid)61900ca2-1500-4049-a9d3-887339190266
|
| 035 |
|
|
|a urn:nbn:sk:snk-ab3ko9
|
| 040 |
|
|
|a SNKBUCL
|b slo
|c SNKBUCL
|e AACR2
|
| 041 |
0 |
|
|a cze
|
| 044 |
|
|
|a xo
|c SK
|
| 100 |
1 |
|
|a Čábelka, Jaroslav,
|d 1906-1989
|4 aut
|9 37265
|
| 245 |
1 |
0 |
|a 75 let akademika Theodora Ježdíka
|c J. Čábelka
|
| 600 |
1 |
7 |
|a Ježdík, Theodor,
|d 1889-1967
|2 SNKMA
|9 212204
|
| 773 |
0 |
|
|t Vodohospodársky časopis : časopis pre hydrológiu a hydromechaniku
|g Roč. 12, č. 4 (1964), s. 431-432
|
| 850 |
|
|
|a Slovenská národná knižnica
|
| 852 |
|
|
|a Slovenská národná knižnica
|
| 958 |
|
|
|a article1
|
| 958 |
|
|
|a OND
|
| 958 |
|
|
|a EUIPO
|
| 999 |
|
|
|c 3074521
|d 3076451
|